000 004900000a22001930004500
003 LK-CoMWRAF
005 20231002143658.0
008 230817t ||||| |||| 00| 0 eng d
020 _a0892590025
040 _aLK-CoMWRAF
_dLK-CoMWRAF
_eLK-CoMWRAF
041 _aeng
082 _a909.097
_bBAM
100 _aBammate, Haidar
245 _aMuslim contribution to civilization
260 _bCrescent Publications,
_c1976
300 _a41p
650 _aMuslim--Civilization
942 _cBK
999 _c1856
_d1856